| 000 | 01498cam a22002773a 4500 | ||
|---|---|---|---|
| 001 | 32772 | ||
| 003 | PGUSA | ||
| 005 | 20140828083717.0 | ||
| 008 | 100611s2010||||xxu|||||s|||||000 p eng d | ||
| 040 |
_aPGUSA _beng |
||
| 042 | _adc | ||
| 050 | 4 | _aPR | |
| 100 | 1 |
_aKipling, Rudyard, _d1865-1936 |
|
| 245 | 1 | 0 |
_aRewards and Fairies _h[electronic resource] / _cRudyard Kipling |
| 260 |
_bProject Gutenberg, _c2010 |
||
| 505 | 0 | _aA charm -- Introduction -- Cold iron -- Cold iron -- The two cousins -- Gloriana -- The looking-glass -- The wrong thing -- A truthful song -- King Henry VII and the shipwrights -- Marklake witches -- The way through the woods -- Brookland road -- The knife and the naked chalk -- The run of the downs -- Song of the men's side -- Brother Square-Toes -- Philadelphia -- If -- 'A priest in spite of himself' -- A St. Helena lullaby -- 'Poor honest men' -- The conversion of St. Wilfrid -- Eddi's service -- Song of the red war-boat -- A doctor of medicine -- An astrologer's song -- 'Our fathers of old' -- Simple Simon -- The thousandth man -- Frankie's trade -- The tree of justice -- The ballad of Minepit Shaw -- A carol. | |
| 506 | _aPublic domain in the USA. | ||
| 516 | _aElectronic text | ||
| 653 | _aEnglish poetry | ||
| 653 | _aShort stories, English | ||
| 653 | _aPuck (Legendary character) -- Fiction | ||
| 700 | 1 |
_aCraig, Frank, _d1874-1918 |
|
| 830 | 0 |
_aProject Gutenberg _v32772 |
|
| 856 | 4 | 0 | _uhttp://www.gutenberg.org/ebooks/32772 |
| 942 | _cEB | ||
| 999 |
_c262027 _d262027 |
||